02083cam a2200325 i 450000100090000000300060000900500170001500700030003200800410003501000150007602000170009104000550010804100080016308200220017110000270019324501230022026400470034326400110039030000280040133600280042933700340045733800290049149000390052050100440055950510330060356300140163660000490165065000190169983000390171830405340OCoLC20250516101227.0ta111115s2012 ilu g b 001 0 eng  a2011046600 a978143528231 aDLCerdabspacCO-MdFUSBdBTCTAdBDXdCBCdUtOrBLW aeng a248.092224bZ38w1 aZaspel, Fred G.eautor10aWarfield on the Christian lifeb: living in light of the Gospel c/ Fred G. Zaspel ; prefacio por Michael A.G. Haykin. 1aWheaton, Illinois :bCrossway, c℗[2012] 4c©2012 a240 páginas ;c23 cm. 2rdacontent.atextobtxt 2rdamedia.asin mediaciónbn 2rdacarrier.avolumenbnc1 aTheologians on the Christian life. aIncluye índices (páginas 233- 240)  aBenjamin Breckinridge Warfield: el hombre y su obra -- Verdad y vida: el rol de la doctrina cristiana en la vida cristiana de Warfield -- Aprender y vivir: el valor y la autoridad de la Palabra de Dios -- Redención lograda: Dios para el rescate -- Bien con Dios: nuestra nueva posición -- Conversión: el gran cambio -- Ayuda de arriba: el Espíritu Santo en acción -- Desde Gloria a gloria: la doctrina de la santificación -- Justo y pecador: cristianismo miserable-pecador -- Los pequeños de Jesús: hijos a Dios -- Dios sobre todo: descansando en la divina providencia -- Mirando a Jesús: nuestro modelo y precursor -- La semejanza a Cristo: imitando la encarnación -- La vida religiosa: cultivando la piedad práctica -- La oración: una práctica de la piedad y un medio de gracia -- Los asuntos del corazón: motivos, metas y valores -- La buena lucha, 1: fidelidad a Cristo -- La buena lucha, 2: en busca de la perfección -- Un horizonte brillante: la esperanza cristiana -- Resumen de reflexiones. aRústico10aWarfield, Benjamin Breckinridge,d1851-1921. 0aVida cristiana 0aTheologians on the Christian life.